zpět

Detail výsledku týmu

U Dvou dobráků PO, Opava

Datum a čas kvízu

28 Celkem bodů Celkový počet nahraných bodů na tomto kvízu bez doplňovacích otázek.
2. Pořadí na kvízu Konečné umístění týmu na tomto kvízu.

Zaznamenané odpovědi

# Otázka Odpověď Body Výsledky
1. V úterý, v den jarní rovnodenn... 0
2. Německé město Trevír minulý tý... 1
3. Kdo poslouchal dne 21. března... 1
4. Majitelé účtů v České spořitel... 1
5. Světový pohár v Ťumeni, kteréh... 1
6. Budeme se zabývat slovy, která... 0
7. Bezpečnostní informační služba... 0
8. Jak se jmenuje objekt, který v... 1
9. Logo které mezinárodní organiz... 1
10. Jak se jmenuje zřícenina hradu... 1